| 000 | 00714nam a2200265Ia 4500 | ||
|---|---|---|---|
| 001 | Z_2557 | ||
| 003 | CHAP | ||
| 008 | 220113s1972 xx 000 0 und d | ||
| 010 | _a165616 | ||
| 040 | _cCHAP | ||
| 082 | _a575.1 B4 | ||
| 100 |
_aBecker, Walter A. _9137681 |
||
| 245 |
_aMinicourses for genetics / _cby Walter A. Becker ... / _cand others / _c |
||
| 260 |
_aWashington : _bWashington State University, _c1972 |
||
| 300 | _axii, 575 p. | ||
| 500 | _aFotocopĂas (es un solo libro fotocopiado en dos partes) | ||
| 503 | _aej.1 v.1 y v.2 : fotocopia | ||
| 650 |
_aGenética I. t. _9139541 |
||
| 901 | _a575.1 B4 | ||
| 902 | _aM | ||
| 910 | _a1972 | ||
| 942 | _c1 | ||
| 942 | _cc1 | ||
| 999 |
_c165616 _d165616 |
||